00687 a2200169 450000500170000002000220001708200140003910000160005324501700006925000120023926000410025130000370029270000300032994200130035999900150037295201300038720250628131413.0 a978-1-4266-5036-9 a657.2 HAL aHALL, J. A. aAccounting Information Systems: Selected Chapters from Accounting Information Systems A Business Process Approach Second Edition and Accounting Information Systems  a6th Ed. aAustralia,bCengage Learning,c2008. a795p.: ill.; figure, tablec26cm aJONES, F. L.[...et al...] 2ddccBKS c6019d6019 r2025-06-28 13:15:52l0o657.2 HALpDOM000486v90000.00w2025-06-28yBKS102ddc407000a004b004cGENd2025-06-28g30000.00